Alexander and the wind-up mouse.
Alexander, the mouse, makes friends with Willy, a toy mouse, and wants to be just like him until he discovers that Willy is to be thrown away.
Record details
- ISBN: 0758700865
- ISBN: 9780758700865
- ISBN: 0394829115
- ISBN: 9780394829111
- ISBN: 0394909143
- ISBN: 9780394909141
- Physical Description: 31 pages : color illustrations ; 29 cm.
- Publisher: New York : Pantheon, c1969.
Content descriptions
| Awards Note: | Caldecott Honor Book, 1970 |
Search for related items by subject
| Genre: | Picture books. Animal fiction. Juvenile literature |
Available copies
- 1 of 1 copy available at scottsboropl.
Holds
- 0 current holds with 1 total copy.
Show Only Available Copies
| Location | Call Number / Copy Notes | Barcode | Shelving Location | Status | Due Date |
|---|---|---|---|---|---|
| scottsboropl | E Lio | 32269000851942 | Juvenile - Easy | Available | - |
| LDR | 01023cam a2200301 a 4500 | ||
|---|---|---|---|
| 001 | 119118 | ||
| 003 | SBPL | ||
| 005 | 20140703092823.0 | ||
| 008 | 700507s1969 nyua j 000 1 eng | ||
| 010 | . | ‡a 76077423 | |
| 020 | . | ‡a0758700865 | |
| 020 | . | ‡a9780758700865 | |
| 020 | . | ‡a0394829115 ‡q(paperback) | |
| 020 | . | ‡a9780394829111 ‡q(paperback) | |
| 020 | . | ‡a0394909143 ‡q(hardcover) | |
| 020 | . | ‡a9780394909141 ‡q(hardcover) | |
| 035 | . | ‡a(CONS)119118 | |
| 035 | . | ‡a(OCoLC)69689 ‡z(OCoLC)14264621 ‡z(OCoLC)40414141 ‡z(OCoLC)42758963 ‡z(OCoLC)52123900 ‡z(OCoLC)460265194 ‡z(OCoLC)613791867 ‡z(OCoLC)717485907 ‡z(OCoLC)1003789574 | |
| 050 | 0 | . | ‡aPZ10.3.L6465 ‡bAl |
| 082 | . | ‡a[Fic] | |
| 100 | 1 | . | ‡aLionni, Leo, ‡d1910- : ‡eauthor |
| 245 | 1 | 0. | ‡aAlexander and the wind-up mouse. |
| 260 | . | ‡aNew York : ‡bPantheon, ‡cc1969. | |
| 300 | . | ‡a31 pages : ‡bcolor illustrations ; ‡c29 cm. | |
| 336 | . | ‡atext ‡btxt ‡2rdacontent | |
| 337 | . | ‡aunmediated ‡bn ‡2rdamedia | |
| 338 | . | ‡avolume ‡bnc ‡2rdacarrier | |
| 520 | . | ‡aAlexander, the mouse, makes friends with Willy, a toy mouse, and wants to be just like him until he discovers that Willy is to be thrown away. | |
| 586 | . | ‡aCaldecott Honor Book, 1970 | |
| 650 | 0. | ‡aMice ‡vJuvenile fiction. | |
| 650 | 1. | ‡aMice ‡vFiction.=650 \0 ‡aMice ‡vJuvenile fiction. | |
| 650 | 0. | ‡aToys ‡vJuvenile fiction. | |
| 650 | 0. | ‡aMechanical toys ‡vJuvenile fiction. | |
| 650 | 0. | ‡aFriendship ‡vJuvenile fiction. | |
| 650 | 0. | ‡aLizards ‡vJuvenile fiction. | |
| 650 | 0. | ‡aMagic ‡vJuvenile fiction. | |
| 655 | 7. | ‡aPicture books. ‡2lcgft | |
| 655 | 7. | ‡aAnimal fiction. ‡2lcgft | |
| 655 | 7. | ‡aJuvenile literature | |
| 901 | . | ‡a119118 ‡bUnknown ‡c119118 ‡tbiblio | |